MARC

LEADER 00000nam0a2200000 4500
001 361251
005 20231102011353.0
035 |a (RuTPU)RU\TPU\retro\18577 
090 |a 361251 
100 |a 20210601d1980 km y0rusy50 ca 
101 0 |a rus 
102 |a RU 
105 |a a z 001zy 
200 1 |a Применение пакетов прикладных программ по экономико-математическим методам в АСУ  |f под ред. Б. Я. Курицкого 
210 |a Москва  |c Статистика  |d 1980 
215 |a 199 с.  |c ил. 
320 |a Библиогр.: с. 197 
606 |a Организация управления  |x Автоматизация  |2 stltpush  |3 (RuTPU)RU\TPU\subj\47294  |9 66348 
606 1 |a Вычислительные системы управления  |2 stltpush  |3 (RuTPU)RU\TPU\subj\4436  |9 32709 
610 1 |a АСУ 
610 1 |a автоматизированные системы управления 
610 1 |a пакеты прикладных программ 
610 1 |a экономико-математические методы 
610 1 |a оптимальные методы 
610 1 |a производственные ситуации 
610 1 |a анализ 
610 1 |a моделирование 
610 1 |a сетевые методы 
610 1 |a планирование 
610 1 |a управление 
610 1 |a вероятностный анализ 
610 1 |a неопределенность 
610 1 |a вероятностные методы 
675 |a 658.012.011.56:681.3  |v 4 
702 1 |a Курицкий  |b Б. Я.  |4 340 
801 1 |a RU  |b 63413507  |c 20210601 
942 |c BK